[Event "US Open-97"]
[Site "Alexandria"]
[Date "1996.??.??"]
[Round "?"]
[White "Curdo, John"]
[Black "Schroer, Jonathan"]
[Result "0-1"]
[WhiteElo "2285"]
[BlackElo "2320"]
[PlyCount "70"]
[EventDate "1996.08.04"]
[EventType "swiss"]
[EventRounds "12"]
[EventCountry "USA"]
[SourceTitle "EXT 2001"]
[Source "ChessBase"]
[SourceDate "2000.11.22"]
[SourceVersion "1"]
[SourceVersionDate "2000.11.22"]
[SourceQuality "1"]

1. e4 c5 2. Nf3 d6 3. Bb5+ Nd7 4. 0-0 Ngf6 5. Re1 a6 6. Bf1 b6 7. d4 cxd4 8. Nxd4 Bb7 9. Nc3 e6 10. f4 Qc7 11. Kh1 Nc5 12. Bd3 g6 13. f5 gxf5 14. Nd5 Nxd5 15. exd5 Bxd5 16. Nxf5 0-0-0 17. Ne3 Bb7 18. b4 Nxd3 19. cxd3 Bg7 20. Rb1 Kb8 21. b5 axb5 22. Re2 Rhg8 23. Rxb5 Qc6 24. Rb4 Bh6 25. Rc2 Bxe3 26. Rxc6 Bxc6 27. Re4 Bc5 28. Rg4 e5 29. Bb2 h5 30. Rg3 h4 31. Rf3 h3 32. d4 hxg2+ 33. Kg1 Bxf3 34. Qxf3 exd4 35. Qd5 Rde8 0-1